000 00581nam a2200181 i 4500
001 96637
003 ES-MaACL
007 t|
008 050629s1974 fr ||||1| fre d
100 1 _aMandrou, Robert.
_975964
245 1 0 _aIntroduction a la France moderne (1500-1640)
_b: essai de psychologie historique /
_cRobert Mandrou.
260 _aParis :
_bAlbin Mitchel,
_c1974.
300 _a412 p. ;
_c18 cm.
490 1 _aL'évolution de l'humanité ;
_v36
830 0 _aL'évolution de l'humanité ;
_v36
_9181507
852 _aES-MaACL
_jE-5560
_bR.89818
999 _c96637
_d96637